Stručný prierez novelou zákona o dani z príjmov

Novela zákona o dani z príjmov bola v decembri 2012 schválená v Národnej rade Slovenskej republiky. Je zameraná najmä na konsolidáciu verejných financií, niektoré ustanovenia boli zmenené v nadväznosti na výnimky z povinného poistenia. Prevažnou mierou sa zaoberá úpravou ustanovení týkajúcich sa fyz...

Descrizione completa

Salvato in:
Dettagli Bibliografici
Autore principale: Mezeiová, Viera
Altri autori: Horniaček, Peter
Natura: Capitolo di libro
Lingua:slovacco
Soggetti:
Tags: Aggiungi Tag
Nessun Tag, puoi essere il primo ad aggiungerne!!

MARC

LEADER 00000naa a2200000 4500
001 0163734
005 20231208085617.5
041 0 |a slo 
044 |a SK 
245 1 0 |a Stručný prierez novelou zákona o dani z príjmov  |c Viera Mezeiová, Peter Horniaček 
520 |a Novela zákona o dani z príjmov bola v decembri 2012 schválená v Národnej rade Slovenskej republiky. Je zameraná najmä na konsolidáciu verejných financií, niektoré ustanovenia boli zmenené v nadväznosti na výnimky z povinného poistenia. Prevažnou mierou sa zaoberá úpravou ustanovení týkajúcich sa fyzických osôb 
610 2 0 |a novelizácia 
610 2 0 |a zákony 
610 2 0 |a Slovensko 
610 2 0 |a dane z príjmov 
100 1 |a Mezeiová, Viera 
700 1 |a Horniaček, Peter